Composers by Birth Place and Date - Statistics

General Stats
  • This quiz has been taken 146 times
  • The average score is 9 of 15
Answer Stats
Lifespan Birthplace Answer % Correct
1756-1791 Salzburg, Austria Wolfgang Amadeus Mozart
98%
1770-1827 Bonn, Germany Ludwig van Beethoven
92%
1685-1750 Eisenach, Germany Johann Sebastian Bach
91%
1678-1741 Venice, Italy Antonio Vivaldi
85%
1865-1957 Hämeenlinna, Finland Jean Sibelius
85%
1862-1918 Saint-Germain-en-Laye, France Claude Debussy
67%
1797-1828 Vienna, Austria Franz Schubert
63%
1857-1934 Broadheath, England Edward Elgar
58%
1525-1594 Palestrina, Italy Giovanni Pierluigi da Palestrina
55%
1567-1643 Cremona, Italy Claudio Monteverdi
53%
1098-1179 Bermersheim vor der Höhe, Germany Hildegard of Bingen
50%
1685-1757 Naples, Italy Domenico Scarlatti
33%
1782-1840 Genoa, Italy Niccolò Paganini
27%
1505-1585 unknown, England Thomas Tallis
26%
1778-1839 Barcelona, Spain Fernando Sor
5%
No matching quizzes found
Score Distribution
Percent of People with Each Score
Percentile by Number Answered
Your Score History
You have not taken this quiz